Return to the Middle Kingdom (Record no. 577792)

MARC details
000 -LEADER
fixed length control field 00538nam a2200157Ia 4500
008 - FIXED-LENGTH DATA ELEMENTS--GENERAL INFORMATION
fixed length control field 250728s9999 xx 000 0 und d
020 ## - INTERNATIONAL STANDARD BOOK NUMBER
ISBN 9781402761843
082 ## - DEWEY DECIMAL CLASSIFICATION NUMBER
Classification number 951.050922
Item number CHE
100 ## - MAIN ENTRY--AUTHOR NAME
Personal name Chen, Yuan-tsung
245 #0 - TITLE STATEMENT
Title Return to the Middle Kingdom
260 ## - PUBLICATION, DISTRIBUTION, ETC. (IMPRINT)
Name of publisher Union Square Music
Year of publication 2008
500 ## - GENERAL NOTE
General note The author chronicles three generations of her late husband's family, all of who fought against the injustices they encountered in their homeland of China.
650 ## - SUBJECT ADDED ENTRY--TOPICAL TERM
Topical Term China
942 ## - ADDED ENTRY ELEMENTS (KOHA)
Koha item type English Books
Holdings
Withdrawn status Lost status Damaged status Not for loan Home library Current library Shelving location Date acquired Full call number Accession Number Price effective from Koha item type
        Anna Centenary Library Anna Centenary Library 7TH FLOOR, B WING 28.07.2025 951.050922 CHE 481914 28.07.2025 English Books

Find us on the map